000 00450nam a2200169Ia 4500
005 20240815024751.0
008 240331s9999 xx 000 0 und d
020 _a915541253X
082 _bWal
_a410
100 _aWallden, R
245 0 _aStudies in dravidian phonology and vocabulary
260 _aStockholm/Sweden
_bAlmqvist & wiksell International
_c1982
300 _a156 p .,
650 _aPronunciation
650 _aIndology
942 _cL
999 _c3007
_d3007